|
|
|
|
| LEADER |
00000nab a2200000uu 4500 |
| 001 |
vtls011461505 |
| 003 |
SK-MaSNL |
| 005 |
20260303113400.0 |
| 008 |
230121|2007 xo |||||||||||||||||cze| |
| 015 |
|
|
|a SNBRB
|
| 035 |
|
|
|a (urnnbn)urn:nbn:sk:snk:ar-a0ahue
|
| 035 |
|
|
|a (uuid)5a9c7c59-e255-4872-9b4f-fbccb09420da
|
| 035 |
|
|
|a urn:nbn:sk:snk-abcv60
|
| 040 |
|
|
|a SNKBUCL
|b slo
|c SNKBUCL
|e AACR2
|
| 041 |
0 |
|
|a cze
|
| 044 |
|
|
|a xo
|c SK
|
| 100 |
1 |
|
|a Šklubalová, Z.
|4 aut
|9 1127023
|
| 245 |
1 |
0 |
|a VYUŽITÍ ROVNICE ŘEDĚNÍ PŘI PŘÍPRAVĚ VISKÓZNÍCH OČNÍCH KAPEK S HYPROMELOSOU
|c Z. Šklubalová, Z. Zatloukal
|
| 700 |
1 |
|
|a Zatloukal, Z.
|4 aut
|9 1126832
|
| 773 |
0 |
|
|t Farmaceutický obzor : odborný časopis Ministerstva zdravotníctva Slovenskej republiky a Slovenskej zdravotníckej univerzity v Bratislave
|g Roč. 76, č. 8 (2007), s. 210-211
|
| 954 |
|
|
|a odborná, vedecká literatúra cudzojazyčná (svetová)
|2 lita
|
| 958 |
|
|
|a OND
|
| 958 |
|
|
|a EUIPO
|
| 958 |
|
|
|a article16
|
| 999 |
|
|
|c 1892213
|d 1894143
|